Normal view
MARC view
- Zaiton Hassan
Entry Personal Name
001 - CONTROL NUMBER
- control field: 6468
003 - CONTROL NUMBER IDENTIFIER
- control field: OSt
005 - DATE AND TIME OF LATEST TRANSACTION
- control field: 20170519115804.0
008 - FIXED-LENGTH DATA ELEMENTS
- fixed length control field: 170519|| aca||aabn | a|a d
040 ## - CATALOGING SOURCE
- Original cataloging agency: OSt
- Transcribing agency: OSt
100 ## - HEADING--PERSONAL NAME
- Personal name: Zaiton Hassan
670 ## - SOURCE DATA FOUND
- Source citation: Work cat.: (OSt)0: Ibrahim Mamat 6466, Pengurusan sumber manusia :, 2008

PORTAL AKMAL
E-MEL JKDM
AKMAL2U
G-BAM
u-PUSTAKA